Advanced engineering mathematics (Record no. 1337)

000 -LEADER
fixed length control field 00610nam a2200217 a 4500
001 - CONTROL NUMBER
control field 1337
003 - CONTROL NUMBER IDENTIFIER
control field BD-DhUET
008 - FIXED-LENGTH DATA ELEMENTS--GENERAL INFORMATION
fixed length control field 980909s1999 nyua b 001 0 eng
020 ## - INTERNATIONAL STANDARD BOOK NUMBER
International Standard Book Number 047133328X
040 ## - CATALOGING SOURCE
Original cataloging agency DLC
Transcribing agency DLC
Modifying agency BD-DhUET
082 00 - DEWEY DECIMAL CLASSIFICATION NUMBER
Classification number 530.15
Item number KRE/1999
100 ## - MAIN ENTRY--PERSONAL NAME
Personal name Kreyszig, Erwin
245 10 - TITLE STATEMENT
Title Advanced engineering mathematics
250 ## - EDITION STATEMENT
Edition statement 8th ed.
260 ## - PUBLICATION, DISTRIBUTION, ETC. (IMPRINT)
Place of publication, distribution, etc. New Delhi
Name of publisher, distributor, etc. John Wiley & Sons
Date of publication, distribution, etc. 1999
300 ## - PHYSICAL DESCRIPTION
Extent xvi,1156 p.+ various paging
504 ## - BIBLIOGRAPHY, ETC. NOTE
Bibliography, etc Includes bibliographies
650 #0 - SUBJECT ADDED ENTRY--TOPICAL TERM
Topical term or geographic name as entry element Engineering mathematics
856 41 - ELECTRONIC LOCATION AND ACCESS
Uniform Resource Identifier http://www.loc.gov/catdir/toc/onix04/98037591.html
942 ## - ADDED ENTRY ELEMENTS (KOHA)
Koha item type General Book
Holdings
Lost status Date acquired Price effective from Shelving location Copy number Piece designation (barcode) Koha renewals Withdrawn status Koha normalized classification for sorting Koha full call number Source of classification or shelving scheme Koha date last borrowed Not for loan Koha date last seen Location (home branch) Koha issues (times borrowed) Koha item type Sublocation or collection (holding branch) Damaged status
 2014-09-032014-09-03Circulation section1103814  530_000000000000000_15KRE1999530.15/KRE/1999 2024-01-30 2024-03-06Central Library, BUET2General BookCentral Library, BUET 
 2014-09-032014-09-03Circulation section2103815  530_000000000000000_15KRE1999530.15/KRE/1999   2014-09-03Central Library, BUET General BookCentral Library, BUET 
 2014-09-032014-09-03Circulation section3103816  530_000000000000000_15KRE1999530.15/KRE/1999 2024-01-22 2024-02-03Central Library, BUET6General BookCentral Library, BUET 
 2014-09-032014-09-03Circulation section4103817  530_000000000000000_15KRE1999530.15/KRE/1999 2024-01-30 2024-02-17Central Library, BUET3General BookCentral Library, BUET 
 2014-09-032014-09-03Circulation section5103818  530_000000000000000_15KRE1999530.15/KRE/1999 2024-01-30 2024-02-19Central Library, BUET5General BookCentral Library, BUET 
 2014-10-272014-10-27Circulation section6975092 530_150000000000000_KRE_1999530.15/KRE/1999 2024-01-30 2024-02-05Central Library, BUET8General BookCentral Library, BUET 
 2015-06-162015-06-16Reading section796647  530_150000000000000_KRE_1999530.15/KRE/1999   2015-06-16Central Library, BUET Reading ItemCentral Library, BUET 
 2003-05-102017-05-28Circulation section897508  530_150000000000000_KRE_1999530.15/KRE/1999 2025-12-01 2026-01-18Central Library, BUET8General BookCentral Library, BUET